Damit sie sich Selbst erziehen können /

Uložené v:
Podrobná bibliografia
Hlavný autor: Erlebach, Ernst (Author)
Médium: Kniha
Jazyk:German
Vydané: Berlin : Volk und Wissen Volkseigener Verlag, 1969.
Vydanie:1. Aufl.
Edícia:S
ISBN: (brož.)
Fyzický popis: 64 s.
Tagy: Pridať tag
Žiadne tagy, Buďte prvý kto otaguje tento záznam!

MARC

LEADER 00000nam a2200000 a 4500
001 000104701
005 20090916173017.0
008 040101s1969 de e ger d
020 |a (brož.) 
040 |a SVKKK  |b slo  |c SVKKK  |e AACR2 
041 0 |a ger 
044 |a de  |c DE 
100 1 |a Erlebach, Ernst  |4 aut 
245 1 0 |a Damit sie sich Selbst erziehen können /  |c Ernst Erlebech. 
250 |a 1. Aufl. 
260 |a Berlin :  |b Volk und Wissen Volkseigener Verlag,  |c 1969. 
300 |a 64 s. 
490 1 |a S 
910 |a svkkk 
998 |a BK 
090 |g SCKHL  |k Sklad Pribinova 2. posch.  |a II.180281  |j 437849  |i 104701-10  |s Absenčne